MARC

LEADER 00000nam0a2200000 4500
001 349364
005 20231102010209.0
035 |a (RuTPU)RU\TPU\retro\1508 
090 |a 349364 
100 |a 20180507d1952 km y0rusy50 ca 
101 0 |a rus 
102 |a RU 
105 |a y z 000zy 
200 1 |a Универсальные тахеометрические таблицы  |f И. В. Адрианов 
210 |a Москва  |c Госстройиздат  |d 1952 
215 |a 95 с. 
606 1 |a Тахеометрические таблицы  |2 stltpush  |3 (RuTPU)RU\TPU\subj\58592  |9 76366 
610 1 |a превышения 
610 1 |a поправки 
610 1 |a линии 
610 1 |a горизонтальное положение 
610 1 |a ленты 
610 1 |a измерения 
610 1 |a высотные ходы 
610 1 |a геодезическое нивелирование 
610 1 |a отходы 
610 1 |a углы наклона 
610 1 |a циркули 
610 1 |a рейки 
610 1 |a фотопланы 
610 1 |a изыскательные работы 
610 1 |a маркшейдерские работы 
675 |a 528.425  |v 4 
700 1 |a Адрианов  |b И. В.  |g Игорь Владимирович 
801 1 |a RU  |b 63413507  |c 20180507 
801 2 |a RU  |b 63413507  |c 20221026  |g RCR 
942 |c BK